| 000 | 00671nam a2200205Ia 4500 | ||
|---|---|---|---|
| 003 | IN-BaIIA | ||
| 008 | 211028s9999 xx 000 0 eng d | ||
| 040 | _cIIA Library | ||
| 080 |
_a517.926 _bMAS |
||
| 100 |
_aMassera, Jose Luis _95103 |
||
| 245 | 0 |
_aLinear differential equations and function spaces _cJose Luis Massera and Juan Jorge Schaffer |
|
| 260 |
_aNew York _bAcademic Press _c1966 |
||
| 300 | _axx, 404p. | ||
| 490 | _aPure and applied mathematics | ||
| 650 |
_aDifferential equations _91510 |
||
| 650 |
_aLinear equations _91638 |
||
| 650 | _aNASA Thesaurus | ||
| 700 |
_aSchaffer, Juan Jorge _95104 |
||
| 942 | _cBK | ||
| 999 |
_c2861 _d2861 |
||